00749nas a2200229Ia 4500001002800000003001000028008004100038040002500079041001300104100002100117210002300138222002300161245007800184250001100262260000900273501012300282300001400405362001600419500005000435650002300485700001100508A06/R064-13088 [r000010436]IT-MiCISF161014c99999999xx |||||||||||| ||und|| aIT-MiCISFcIT-MiCISF aITALIANO aBompiani Adriano aBioetica e cultura aBioetica e cultura 0aBioetica in Italia: situazione attuale, problemi, prospettive di sviluppo a1a ed. c1992 bCISF - Centro Internazionale Studi Famiglia - Via Giotto, 36 20145 MILANO (non commercial uses only)cCopyright 2016 app. 29-44 an. 1 [1992] a Tema: bioetica, comitati-di-etica, società aBIOETICAvarticolo aAA.VV.